Environmental Studies/ (Record no. 196734)

MARC details
000 -LEADER
fixed length control field 00575nam a22002057a 4500
005 - DATE AND TIME OF LATEST TRANSACTION
control field 20230724145042.0
010 ## - LCCN (DPL NO)
LC control number ENG-137541
020 ## - INTERNATIONAL STANDARD BOOK NUMBER
International Standard Book Number 9789392080487
Terms of availability 250.00
035 ## - SYSTEM CONTROL NUMBER
System control number EN-121073
037 ## - SOURCE OF ACQUISITION
Source of stock number/acquisition DBAD/PUB
082 ## - DEWEY DECIMAL CLASSIFICATION NUMBER
Classification number 363.7
100 ## - MAIN ENTRY--PERSONAL NAME
Personal name Chaturvedi, D.D.
245 10 - TITLE STATEMENT
Title Environmental Studies/
Statement of responsibility, etc by D.D. Chaturvedi
260 ## - PUBLICATION, DISTRIBUTION, ETC. (IMPRINT)
Place of publication, distribution, etc New Delhi
Name of publisher, distributor, etc Kitab Mahal
Date of publication, distribution, etc 2023
270 ## - ADDRESS
Address 4655/21, Ansari Road, Daryaganj
City Delhi
Postal code 110002
300 ## - PHYSICAL DESCRIPTION
Extent 278p.
Dimensions 21cm(pbk)
700 ## - ADDED ENTRY--PERSONAL NAME
Personal name Harpreet Singh
700 ## - ADDED ENTRY--PERSONAL NAME
Personal name Noopur Saxena
942 ## - ADDED ENTRY ELEMENTS (KOHA)
Source of classification or shelving scheme Dewey Decimal Classification
Item type English Books
Call number suffix CHA
Classification part 363.7
Holdings
Withdrawn status Lost status Not for loan Collection code Home library Current library Date acquired Source of acquisition Cost, normal purchase price Full call number Barcode Copy number Cost, replacement price Koha item type
      Non-fiction Vinoba Puri Vinoba Puri 24/07/2023 DBAD/PUB 250.00 363.7 CHA EN-121073 1 250.00 English Books

© Delhi Public Library
Hit Counter
free hit counter